000 00768nam a22002417a 4500
005 20170124110237.0
010 _aA-334422
020 _c00.00
_a0195036514
035 _aA-334422
037 _bCen Lib/Ret
040 _aDPL
_bEN
082 _a503
_bEMI
100 _aEmiliani, Cesare
_942337
245 _aDictionary of the physical sciences :
_cby Cesare Emiliani
_bterms, formulas, data /
246 _b
260 _bOxford University Press
_c1987
_aNew York
270 _a200 Madison Avenue
_bNew York
300 _axiv,365p.
_c22cm(Hb)
500 _aIncludes bibliographical references
650 _aPhysical sciences -- Dictionaries
_942338
650 _aEngineering -- Handbooks, manuals, etc
_942339
942 _2ddc
_cEN
_h503
_mEMI
999 _c134969
_d134969